LIBRARY & INFORMATION CENTRE, KCAET, TAVANUR

ONLINE PUBLIC ACCESS CATALOGUE (OPAC)

Manushyante bahirakasayathrayum bahirakasathile vasagrihangalum / | മനുഷ്യന്റെ ബഹിരാകാശയാത്രയും ബഹിരാകാശത്തിലെ വാസഗൃഹങ്ങളും (Record no. 19509)

MARC details
000 -LEADER
fixed length control field 00626nam a22001697a 4500
003 - CONTROL NUMBER IDENTIFIER
control field OSt
008 - FIXED-LENGTH DATA ELEMENTS--GENERAL INFORMATION
fixed length control field 250903b |||||||| |||| 00| 0 eng d
041 ## - LANGUAGE CODE
Language code of text/sound track or separate title mal
082 ## - DEWEY DECIMAL CLASSIFICATION NUMBER
Classification number 520
Item number ALI/MA
100 ## - MAIN ENTRY--AUTHOR NAME
Personal name Aliyattukudi, A. J. Kurian
245 ## - TITLE STATEMENT
Title Manushyante bahirakasayathrayum bahirakasathile vasagrihangalum /
Remainder of title മനുഷ്യന്റെ ബഹിരാകാശയാത്രയും ബഹിരാകാശത്തിലെ വാസഗൃഹങ്ങളും
250 ## - EDITION STATEMENT
Edition statement 2nd ed.
260 ## - PUBLICATION, DISTRIBUTION, ETC. (IMPRINT)
Place of publication Thiruvananthapuram :
Name of publisher Chintha Publishers,
Year of publication 2024.
300 ## - PHYSICAL DESCRIPTION
Number of Pages 168 p.
650 ## - SUBJECT ADDED ENTRY--TOPICAL TERM
Topical Term Science
942 ## - ADDED ENTRY ELEMENTS (KOHA)
Koha item type Books
Holdings
Withdrawn status Lost status Damaged status Home library Current library Date acquired Source of acquisition Cost, normal purchase price Full call number Accession Number Koha item type
      KAUAET KAUAET 03/09/2025 Donated by KT Jaleel MLA 270.00 520 ALI/MA 26288 Books
free website counter